Final Fantasy Bosses VIII-XIII Quiz Stats

Quiz not verified by Sporcle

Challenge
Share
Tweet
Embed
Score 0/290 Timer 20:00
0 Plays Today
Series Boss % Correct
VIIIBahamut
84.5%
VIIIIfrit
84.5%
VIIISeifer
81%
XIIUltima
81%
XSin
81%
VIIIEdea
79.3%
VIIIOdin
79.3%
VIIIUltimecia
77.6%
IXKuja
77.6%
XSeymour
77.6%
XIII-2Omega
77.6%
VIIIAdel
72.4%
VIIITiamat
72.4%
IXNecron
72.4%
VIIIRaijin
70.7%
XYunalesca
70.7%
VIIIFujin
69%
IXGarland
67.2%
XYu Yevon
67.2%
IXBeatrix
65.5%
VIIIUltima Weapon
63.8%
VIIIOmega Weapon
60.3%
IXBlack Waltz 1
60.3%
IXBlack Waltz 2
60.3%
IXBlack Waltz 3
60.3%
XAnima
60.3%
VIIIBiggs
58.6%
VIIICerberus
58.6%
VIIIWedge
58.6%
IXSteiner
58.6%
IXThorn
58.6%
IXTrance Kuja
58.6%
IXZorn
58.6%
XBraska's Final Aeon
58.6%
XSeymour Flux
58.6%
XSeymour Natus
58.6%
XYojimbo
57.9%
IXArk
56.9%
XIIVayne
56.9%
VIIITonberry King
55.2%
IXScarlet Hair
55.2%
XSeymour Omnis
55.2%
VIIIDiablos
53.4%
IXOzma
53.4%
XEvrae
53.4%
XSinspawn Gui
53.4%
XYenke Ronso
53.4%
XIIIOrphan
53.4%
VIIINORG
51.7%
IXKraken
51.7%
IXSilver Dragon
51.7%
XBiran Ronso
51.7%
XEvrae Altana
51.7%
XIIIBarthandelus
51.7%
XDark Ifrit
50.9%
XDark Ixion
50.9%
XDark Shiva
50.9%
XDark Valefor
50.9%
IXBaku
50%
IXHades
50%
IXMeltigemini
50%
XSinspawn Ammes
50%
XIIGabranth
50%
XDark Bahamut
49.1%
XDark Yojimbo
49%
IXGizamaluke
48.3%
IXLani
48.3%
IXLich
48.3%
XChocobo Eater
48.3%
XIIThe Undying
48.3%
XIIZodiark
48.3%
XDark Cindy
47.4%
XDark Anima
47.4%
XDark Mindy
47.4%
VIIIElvoret
46.6%
VIIIJumbo Cactuar
46.6%
IXMaliris
46.6%
IXPlant Brain
46.6%
IXSealion
46.6%
XIIBelias
46.6%
XIIChaos
46.6%
XIIJudge Ghis
46.6%
XIIMateus
46.6%
XIIIAlexander
46.6%
XDark Sandy
45.6%
IXEarth Guardian
44.8%
IXNova Dragon
44.8%
XOblitzerator
44.8%
XSpectral Keeper
44.8%
XIIAdrammelech
44.8%
X-2Vegnagun
44.8%
VIIIMinotaur
43.1%
IXDeathguise
43.1%
IXValia Pira
43.1%
XSinspawn Echuilles
43.1%
XSinspawn Genais
43.1%
XSinspawn Geneaux
43.1%
Series Boss % Correct
XIIFamfrit
43.1%
X-2Shuyin
43.1%
VIIIGerogero
41.4%
VIIIGriever
41.4%
VIIIKrysta
41.4%
IXAntlion
41.4%
XDefender X
41.4%
XPenance
41.4%
XSanctuary Keeper
41.4%
XIIShemhazai
41.4%
XIIZalera
41.4%
IXHill Gigas
39.7%
IXRalvuimago
39.7%
IXSoulcage
39.7%
IXTaharka
39.7%
IXTantarian
39.7%
XIIHashmal
39.7%
XIIZeromus
39.7%
VIIIAbadon
37.9%
VIIIRed Giant
37.9%
VIIIRuby Dragon
37.9%
IXPrison Cage
37.9%
IXQuale
37.9%
IXRalvurahva
37.9%
XGeosgaeno
37.9%
XIIExodus
37.9%
XIIJudge Bergan
37.9%
XSpherimorph
37.5%
VIIISacred
36.2%
VIIISphinxaur
36.2%
XExtractor
36.2%
XTros
36.2%
XWendigo
36.2%
XIIDemon Wall
36.2%
XIIVossler
36.2%
XIIIHecatoncheir
36.2%
VIIITrauma
34.5%
XCrawler
34.5%
XIICúchulainn
34.5%
XIIDoctor Cid
34.5%
XIIICid Raines
34.5%
X-2Baralai
34.5%
XIII-2Gilgamesh
34.5%
VIIIIguion
32.8%
XIIGaruda
32.8%
X-2Leblanc
32.8%
X-2Nooj
32.8%
XIII-2Snow
32.8%
VIIICatoblepas
31%
VIIIOilboyle
31%
VIIIX-ATM092
31%
IXArmodullahan
31%
XLord Ochu
31%
XSpathi
31%
X-2Gippal
31%
X-2Rikku
31%
XIIFiremane
29.3%
XIIMimic Queen
29.3%
XIIIBrynhildr
29.3%
XIII-2Caius Ballad
29.3%
VIIIGargantua
27.6%
IXRed Dragon
27.6%
XGrothia
27.6%
XPterya
27.6%
XIIVayne Novus
27.6%
X-2Ormi
27.6%
LR: XIIIBhunivelze
27.6%
VIIITri-Point
25.9%
X-2Logos
25.9%
X-2Paine
25.9%
X-2Trema
25.9%
XIIIEnki
24.1%
XIIINix
24.1%
VIIIGranaldo
22.4%
VIIIMobile Type 8
22.4%
VIIIPropagator
22.4%
XIIElder Wyrm
22.4%
XIIKing Bomb
22.4%
XIIIDahaka
22.4%
XIIIEnlil
22.4%
XIII-2Proto fal'Cie Adam
22.4%
LR: XIIINoel Kreiss
22.4%
XIIBa'Gamnan
20.7%
XIIDaedalus
20.7%
XIIHellwyrm
20.7%
X-2Angra Mainyu
20.7%
VIIIRaldo
19%
XIIOmega Mark XII
19%
XIIIManasvin Warmech
19%
XIIIStiria
19%
X-2Boris
19%
X-2Chac
19%
XIII-2Lightning
19%
IXShell Dragon
17.2%
XIIAir Cutter Remora
17.2%
VIIIBGH251F2
15.5%
XIIDrace
15.5%
Series Boss % Correct
XIIPhoenix
15.5%
XIIRafflesia
15.5%
XIIFenrir
13.8%
X-2Black Elemental
13.8%
X-2Humbaba
13.8%
X-2King VERIMIN!
13.8%
X-2Paragon
13.8%
XIII-2Chaos Bahamut
13.8%
VIIISorceress
12.1%
XIIAhriman
12.1%
XIIMandragora Prince
12.1%
XIITyrant
12.1%
XIIVinuskar
12.1%
XIIIThe Proudclad
12.1%
X-2Zalamander
12.1%
LR: XIIIAeronite
12.1%
XIIEarth Tyrant
10.3%
XIIFury
10.3%
XIIHydro
10.3%
XIIOnion Queen
10.3%
XIIIBeta Behemoth
10.3%
X-2Elma
10.3%
X-2Experiment
10.3%
X-2Lucil
10.3%
XIII-2Atlas
10.3%
XIII-2Gogmagog
10.3%
XIISephira
8.6%
XIISlyt
8.6%
XIIIHavoc Skytank
8.6%
XIIIPSICOM Marauder
8.6%
X-2Anything Eater
8.6%
X-2Aranea
8.6%
X-2Flame Dragon
8.6%
X-2Garik Ronso
8.6%
XIII-2Jet Bahamut
8.6%
LR: XIIICyclops
8.6%
VIIIGIM52A
6.9%
XIIAlraune King
6.9%
XIIBwagi
6.9%
XIIGijuk
6.9%
XIIHumbaba Mistant
6.9%
XIIPandaemonium
6.9%
XIIRinok
6.9%
XIITopstalk
6.9%
X-2Azi Dahaka
6.9%
X-2Guardian Beast
6.9%
X-2Machina Panzer
6.9%
XIII-2Amber Bahamut
6.9%
LR: XIIIGrendel
6.9%
XIIZargabaath
5.2%
XIIIAnavatapta Warmech
5.2%
XIIIAster Protoflorian
5.2%
XIIIDreadnought
5.2%
XIIIGaruda Interceptor
5.2%
XIIIJabberwocky
5.2%
XIIIUshumgal Subjugator
5.2%
X-2Concherer
5.2%
X-2Major Numerus
5.2%
X-2Precepts Guard
5.2%
X-2YSLS-Zero
5.2%
XIII-2Garnet Bahamut
5.2%
XIII-2Kalavinka
5.2%
XIII-2Nabaat
5.2%
XIII-2Royal Ripeness
5.2%
XIIPumpkin Star
3.4%
XIIIKalavinka Striker
3.4%
XIIIMidlight Reaper
3.4%
XIIITiamat Eliminator
3.4%
X-2Georapella
3.4%
X-2Tawrich
3.4%
X-2Zarich
3.4%
XIII-2Lieutenant Amodar
3.4%
XIII-2Paradox Alpha
3.4%
XIII-2Valfodr
3.4%
XIII-2Zenobia
3.4%
LR: XIIIZaltys
3.4%
XIII-2Pacos Amethyst
1.7%
XIII-2Pacos Luvulite
1.7%
X-2Bulwark
1.7%
X-2Ebony Goon
1.7%
X-2Scarlet Goon
1.7%
X-2Violet Goon
1.7%
X-2Yaibal
1.7%
XIII-2Aloeidai
1.7%
XIII-2Black Miniflan
1.7%
XIII-2Blue Miniflan
1.7%
XIII-2Faeryl
1.7%
XIII-2Mutantomato
1.7%
XIII-2Pink Miniflan
1.7%
XIII-2Twilight Odin
1.7%
XIII-2Vaballathus
1.7%
XIII-2Yellow Miniflan
1.7%
LR: XIIIEreshkigal
1.7%
LR: XIIIParandus
1.7%
XIIIWladislous
0%
XIII-2Ugalla
0%

You're not logged in!

Compare scores with friends on all Sporcle quizzes.
Join for Free
OR
Log In

You Might Also Like...

Show Comments

Extras

Top Quizzes Today


Score Distribution

Your Account Isn't Verified!

In order to create a playlist on Sporcle, you need to verify the email address you used during registration. Go to your Sporcle Settings to finish the process.

Report this User

Report this user for behavior that violates our Community Guidelines.

Details: